History of the Netherlands
Сохранить в:
| Формат: | |
|---|---|
| Язык: | Undetermined |
| Опубликовано: |
The Hague, The Netherlands
NIOP
199
|
| Предметы: | |
| Метки: |
Добавить метку
Нет меток, Требуется 1-ая метка записи!
|
| Thư viện lưu trữ: | Trung tâm Học liệu Trường Đại học Cần Thơ |
|---|
| LEADER | 00459nam a2200157Ia 4500 | ||
|---|---|---|---|
| 001 | CTU_36092 | ||
| 008 | 210402s9999 xx 000 0 und d | ||
| 082 | |a 949.2 | ||
| 082 | |b N469h | ||
| 245 | 0 | |a History of the Netherlands | |
| 260 | |a The Hague, The Netherlands | ||
| 260 | |b NIOP | ||
| 260 | |c 199 | ||
| 650 | |a netherlands - description and travel,netherlands - history | ||
| 904 | |i Minh, 000411 | ||
| 980 | |a Trung tâm Học liệu Trường Đại học Cần Thơ | ||